Interpretation of Tamil folk creations/ (Record no. 20532)

000 -LEADER
fixed length control field 00397nam a22001451a 4500
082 ## - DEWEY DECIMAL CLASSIFICATION NUMBER
Classification number 398.209 548 2
Item number VAN/I
100 ## - MAIN ENTRY--AUTHOR NAME
Personal name Vanamamalai N
245 ## - TITLE STATEMENT
Title Interpretation of Tamil folk creations/
Statement of responsibility, etc by Vanamamalai N
260 ## - PUBLICATION, DISTRIBUTION, ETC. (IMPRINT)
Place of publication Trivandrum:
Name of publisher Dravidian Linguistics Association,
Year of publication 1981.
300 ## - PHYSICAL DESCRIPTION
Number of Pages 324p.
650 ## - SUBJECT ADDED ENTRY--TOPICAL TERM
Topical Term Folklore
650 ## - SUBJECT ADDED ENTRY--TOPICAL TERM
Topical Term Folk Literature
650 ## - SUBJECT ADDED ENTRY--TOPICAL TERM
Topical Term Social Sciences
942 ## - ADDED ENTRY ELEMENTS (KOHA)
Koha item type Book
Holdings
Withdrawn status Lost status Damaged status Not for loan Permanent Location Current Location Date acquired Cost, normal purchase price Full call number Accession Number Cost, replacement price Price effective from Koha item type
        Sree Sankaracharya University of Sanskrit Sree Sankaracharya University of Sanskrit 08.01.2015 60.00 398.209 548 2 VAN/I 034019 0.00 08.01.2015 Book